00787nam a22001577a 450000500170000000800410001708200150005824501090007326000530018250000410023565000180027670000380029499900170033295201400034995201400048920231103110759.0231103b |||||||| |||| 00| 0 eng d a617.7bAME aLens and Cataract-11 :bbasic and clinical science course,2016-2017 /cAmerican academy of Ophthalmology aUK :bAmerican academy of Ophthalmology,cc2016. aAmerican academy of Ophthalmology-11 aOphthalmology aAmerican academy of Ophthalmology c34681d34681 001040708Faculty of Medical SciencesaSIRCbSIRCcMedicald2023-11-03l0o617.7 AME-L 2016p20926r2023-11-03t1w2023-11-03yBKYBK 001040708Faculty of Medical SciencesaSIRCbSIRCcMedicald2023-11-03l0o617.7 AME-L 2016p20927r2023-11-03t2w2023-11-03yBKYBK